000 00783cac a22002171u 4500
090 _c7424
008 090108t 1993xxu||||| |||| 00| 0 eng d
010 _a 91043340
020 _a0136207901
082 0 0 _a658.11
_bVES
100 _aVesper, Karl H.
245 1 0 _aNew venture mechanics /
_cKarl H. Vesper.
260 _aEnglewood Cliffs, N.J. :
_bPrentice Hall,
_cc1993.
260 _bDistributer: Al-Ahram
300 _axiii, 380 p. :
_bill. ;
_c24 cm.
504 _aIncludes bibliographical references and indexes.
650 0 _aNew business enterprises.
650 0 _aEntrepreneurship.
942 _cBB
_k658.11VES
_2ddc
999 _c7424
_d7424